| 000 | 00591nam a22001697a 4500 | ||
|---|---|---|---|
| 003 | NUST | ||
| 038 | _aNusrat Nadeem | ||
| 082 | _a200 | ||
| 100 |
_a Khan Zarak _921316 |
||
| 245 |
_aNUMERICAL & EXPERIMENTAL INVESTIGATION OF EFFECTS OF PROCESS PARAMETERS ON ELECTROMAGNETIC FORMING OF METALS / _cZarak Khan |
||
| 264 |
_aIslamabad; _bSMME NUST; _c2021; |
||
| 300 |
_a182,p; _bill; _c30,cm. |
||
| 650 |
_aPhD-Design and Manufacturing Engineering _9123165 |
||
| 700 |
_aSupervisor Dr Mushtaq Khan _9119879 |
||
| 856 | _uhttp://10.250.8.41:8080/xmlui/handle/123456789/28210 | ||
| 942 |
_2ddc _cTHE |
||
| 999 |
_c609510 _d609510 |
||